5HLuxD.jpg

KING HENRY VIII SENIOR AND PRIMARY SCHOOL LIBRARY OPAC

The Collected Short Stories / (Record no. 4453)

000 -LEADER
fixed length control field 01423nam a22001817a 4500
003 - CONTROL NUMBER IDENTIFIER
control field OSt
005 - DATE AND TIME OF LATEST TRANSACTION
control field 20250221083218.0
008 - FIXED-LENGTH DATA ELEMENTS--GENERAL INFORMATION
fixed length control field 250221b ||||| |||| 00| 0 eng d
020 ## - INTERNATIONAL STANDARD BOOK NUMBER
International Standard Book Number 9781447231301
040 ## - CATALOGING SOURCE
Transcribing agency KH8
082 ## - DEWEY DECIMAL CLASSIFICATION NUMBER
Classification number FIC ARC
100 ## - MAIN ENTRY--PERSONAL NAME
Personal name Archer, Jeffrey,
Relator term author.
245 ## - TITLE STATEMENT
Title The Collected Short Stories /
Statement of responsibility, etc. Jeffrey Archer.
260 ## - PUBLICATION, DISTRIBUTION, ETC.
Place of publication, distribution, etc. London ;
Name of publisher, distributor, etc. Macmillan Publisher Limited ,
Date of publication, distribution, etc. 2012.
300 ## - PHYSICAL DESCRIPTION
Extent 975 pages :
Dimensions 24 cm.
520 ## - SUMMARY, ETC.
Summary, etc. Millions of readers around the world have relished Jeffrey Archer's shortstories. Now, for the first time, all three collections are gathered together inone handsome volume.<br/>One of the most acclaimed authors writing today, JeffreyArcher is a dazzling storyteller. A master of character and suspense, he has agift for the unexpected plot twist that has catapulted all three of his shortstory collections--A Quiver Full of Arrows, A Twist in the Tales, and Twelve Red Herrings--onto international bestseller lists and earned himwidespread critical praise.<br/><br/>The stories from A Quiver Full of Arrowstake is on a tour of ancient heirlooms and modern romance, of cutthroat businessand kindly strangers, of lives lived in the realms of power. Fortunes are madeand squandered, honor betrayed and redeemed, love lost and rediscovered. AsPublishers Weekly said about this collection, "Somerset Maugham neverpenned anything so swift or urbanely witty as this."
942 ## - ADDED ENTRY ELEMENTS (KOHA)
Source of classification or shelving scheme
Koha item type Books - Fiction
Holdings
Withdrawn status Lost status Source of classification or shelving scheme Damaged status Not for loan Collection code Permanent Location Current Location Shelving location Date acquired Full call number Barcode Date last seen Price effective from Koha item type
          Fiction KH8 Senior School Library KH8 Senior School Library Fiction 2025-02-21 FIC ARC 3KHSL000102202 2025-02-21 2025-02-21 Books - Fiction

Powered By KH8 IT Dept